| 000 | 00707nam a2200193 a 4500 | ||
|---|---|---|---|
| 001 | BRCA_1879 | ||
| 005 | 20190320203602.0 | ||
| 008 | 110608s1987----mx-a---###---#000-0#spa-# | ||
| 050 | 4 |
_aNB1910 _b.I43 1987 |
|
| 245 | 1 | 0 |
_aImaginería virreinal _bGuatemala y México. |
| 260 |
_aTepotzotlán, Estado de México _bMuseo Nacional del Virreinato _c1987 |
||
| 300 |
_a27 p. _bil. _c26 cm. |
||
| 500 | _aCatálogo de la exposición realizada en el Museo Nacional del Virreinato (Estado de México), noviembre 1987 | ||
| 650 | 1 | 4 |
_aEscultura mexicana _92432 |
| 650 | 1 | 4 |
_aEscultura guatemalteca _92433 |
| 650 | 1 | 4 |
_aEscultra colonial _zMéxico _95811 |
| 650 | 1 | 4 |
_aEscultura colonial _zGuatemala _92431 |
| 942 |
_2lcc _cB |
||
| 999 |
_c1656 _d1656 |
||